000 00358nam a2200133Ia 4500
008 240624s9999 xx 000 0 und d
041 _aeng
082 _a332.7 ENG
100 _aENGEL KATHLEEN C
245 _aSUBPRIME VIRUS RECKLESS CREDIT REGULATOR
260 _c2011
_aLondon
_bOxford University Press
300 _axi, 341 p,: 23 cm.
365 _cBPS
_b38
999 _c31267
_d31267